Welches Land liegt dazwischen? (nach Flaggen) - Statistiken

Allgemein
  • Dieses Quiz wurde 412 mal gespielt
  • Das Durchschnittsergebnis liegt bei 8 aus 10
Antwortstatistiken
Antwort % Korrekt
Mexiko
98%
Deutschland
93%
Nordkorea
92%
Algerien
91%
Russland
88%
Ungarn
87%
Peru
85%
Iran
83%
Mosambik
72%
Burkina Faso
57%
Keine übereinstimmenden Quizze gefunden
Verteilung der Resultate
Anzahl Personen mit jedem Resultat
Perzentil nach korrekt beantworteten Fragen
Ihre Resultats-Entwicklung
Sie haben dieses Quiz noch nicht gespielt